| 000 | 00652nam a22002177a 4500 | ||
|---|---|---|---|
| 003 | OSt | ||
| 005 | 20170709142705.0 | ||
| 008 | 170709b xxu||||| |||| 00| 0 eng d | ||
| 020 | _a0421902108 | ||
| 040 |
_aLDCLIB _cLDCLIB |
||
| 082 |
_a340.11 _222 _bMAN |
||
| 100 |
_aManchester Colin. _9208 |
||
| 245 |
_aExploring the Law : _cColin Manchester and David Salter. _bthe dynamic of precedent and statutory interpretation / |
||
| 250 | _a3rd ed. | ||
| 260 |
_aLondon : _bSweet and Maxwell, _c2006. |
||
| 300 |
_axxxv, 477 p. ; _c23 cm . |
||
| 650 | _aExploring law | ||
| 650 | _aStatutory interpretation | ||
| 700 |
_aSalter, David. _9209 |
||
| 942 |
_2ddc _cBK |
||
| 999 |
_c83 _d83 |
||